| 000 -CABECERA |
| Longitud fija campo de control |
00696nam a22002297a 4500 |
| 003 - IDENTIFICADOR DEL NÚMERO DE CONTROL |
| Identificador del número de control |
OSt |
| 005 - FECHA Y HORA DE LA ÚLTIMA TRANSACCIÓN |
| Fecha y hora de la última transacción |
20151026134202.0 |
| 008 - CÓDIGOS DE INFORMACIÓN DE LONGITUD FIJA |
| Códigos de información de longitud fija |
130514s2003 sp ||||| |||| 00| 0 spa d |
| 020 ## - NÚMERO INTERNACIONAL NORMALIZADO PARA LIBROS |
| Número Internacional Normalizado para Libros (ISBN) |
8434412977 |
| 040 ## - FUENTE DE LA CATALOGACIÓN |
| Centro transcriptor |
CDMR |
| 245 00 - MENCIÓN DE TÍTULO |
| Título |
Manual de redacción ciberperiodística |
| Mención de responsabilidad, etc. |
Javier Díaz Noci y Ramón Salaverría (coord.) |
| 260 ## - PUBLICACIÓN, DISTRIBUCIÓN, ETC. (PIE DE IMPRENTA) |
| Lugar de publicación, distribución, etc. |
Barcelona |
| Nombre del editor, distribuidor, etc. |
Ariel |
| Fecha de publicación, distribución, etc. |
2003 |
| 300 ## - DESCRIPCIÓN FÍSICA |
| Extensión |
589 p. |
| 490 0# - MENCIÓN DE SERIE |
| Mención de serie |
Ariel Comunicación |
| 650 04 - PUNTO DE ACCESO ADICIONAL DE MATERIA - TÉRMINO DE MATERIA |
| 9 (RLIN) |
3188 |
| Término de materia o nombre geográfico como elemento inicial |
Premsa digital |
| Subdivisión de forma |
Manuals, guies, etc. |
| 650 04 - PUNTO DE ACCESO ADICIONAL DE MATERIA - TÉRMINO DE MATERIA |
| 9 (RLIN) |
3137 |
| Término de materia o nombre geográfico como elemento inicial |
Web 2.0 |
| 650 04 - PUNTO DE ACCESO ADICIONAL DE MATERIA - TÉRMINO DE MATERIA |
| 9 (RLIN) |
3138 |
| Término de materia o nombre geográfico como elemento inicial |
Internet |
| Subdivisión de materia general |
Art d'escriure |
| 650 04 - PUNTO DE ACCESO ADICIONAL DE MATERIA - TÉRMINO DE MATERIA |
| 9 (RLIN) |
3772 |
| Término de materia o nombre geográfico como elemento inicial |
Periodisme--Manuals d'estil |
| 700 1# - PUNTO DE ACCESO ADICIONAL - NOMBRE DE PERSONA |
| 9 (RLIN) |
3204 |
| Nombre de persona |
Díaz Noci, Javier |
| 700 1# - PUNTO DE ACCESO ADICIONAL - NOMBRE DE PERSONA |
| 9 (RLIN) |
3427 |
| Nombre de persona |
Salaverría, Ramón |
| 942 ## - ENTRADA DE ELEMENTOS AGREGADOS (KOHA) |
| Fuente de clasificaión o esquema |
|
| Koha [por defecto] tipo de item |
Monografies |